Science Quiz

Random Science or Biology Quiz

Mammals from Wikipedia Quiz Stats

Quiz Updated Jun 10, 2013

Challenge
Share
Tweet
Embed
Score 0/20 Timer 04:00
1 Play Today
Most common words Mammal % Correct
Zoo, China, born, home, wild, cub, mei, bamboo, bear, cubsGiant Panda
98.8%
Species, whale, river, genus, bottlenose, killer, humans, fish, common, marineDolphin
90.7%
Breeds, wool, used, many, meat, ewes, animals, lamb, lambs, flockSheep
89.8%
African, Asian, species, animals, trunk, family, known, groups, Africa, tusksElephant
88.8%
Species, Australia, Queensland, south, Australian, although, eucalypt, southern, population, bearKoala
85.3%
Homo, species, years, main, social, through, sapiens, ago, groups, modernHuman
84.8%
Used, breeds, wild, main, animals, domesticated, many, riding, bones, developedHorse
82.8%
Lowland, mountain, western, silverback, females, eastern, species, forest, males, liveGorilla
81.2%
Ground, two-toed, three-toed, one, very, living, bradypus, species, long, familySloth
80.3%
North, American, dams, species, eurasian, trees, water, lodge, fur, oneBeaver
79%
Most common words Mammal % Correct
Sea, tusks, Pacific, Atlantic, males, population, ice, around, species, yearsWalrus
79%
Species, red, hunting, vulpes, dogs, many, silver, tail, domesticated, unitedFox
71.9%
Family, quills, world, sphiggurus, hystrix, American, north, dwarf, coendou, newPorcupine
66.3%
Prey, China, wild, India, subspecies, large, white, male, population, southTiger
64.8%
Australia, mammals, species, animal, water, monotremes, found, venom, one, youngPlatypus
60.2%
Giant, species, tamandua, genus, silky, insects, America, southern, tongue, longAnteater
57.1%
Water, years, animals, Africa, species, one, large, million, zoo, landHippopotamus
52.5%
Species, Malayan, mountain, tapirus, Brazilian, four, years, water, America, bairdTapir
45.4%
Madagascar, Malagasy, foraging, name, finger, lemurs, trees, breeding, typically, habitatAye-aye
17.8%
Species, dwarf, Syrian, genus, Chinese, phodopus, Russian, called, one, twoHamster
16.9%

You're not logged in!

Compare scores with friends on all Sporcle quizzes.
Join for Free
OR
Log In

You Might Also Like...

Show Comments

Extras

Top Quizzes Today


Score Distribution

Your Account Isn't Verified!

In order to create a playlist on Sporcle, you need to verify the email address you used during registration. Go to your Sporcle Settings to finish the process.

Report this User

Report this user for behavior that violates our Community Guidelines.

Details: